00816nam a2200217 a 450000100100000000500170001000800410002704000250006808200200009310000430011324500850015626000450024130000270028650000570031365000270037065000220039770000350041904900090045495201180046399900170058100002511220200930023555.0110210s1996 dr a 000 0 spa d aDO-SdBNPbspacBNPHU a641.5123bV145h1 aValdés Del Monte, Yolanda de,95150310aHoy cocino yo /cYolanda Valdés de Del Monte ; ilustraciones César Campillo. aSanto Domingo :bAmigo del hogar,c1996. a88 p. :bil. ;c22 cm. aLibro de cocina para niños de 8 años en adelante 4aCocina infantil951504 4aRecetarios9179161 aCampillo, César,eil.951505 aBNPD 0010718PDaPDbPDcCTd2011-02-10iLF1l0o641.5123 V145hp25112-10r2020-06-25w2020-06-25yLFPDZNo se presta c24605d24605